000 00778nam a22002537a 4500
003 CHAP
005 20220329134926.0
008 971013s r 00010 d
010 _a28172
011 _a29144
035 _a33255
040 _cCHAP
090 _aR-1627
100 0 0 _aMcGovran, Edward R.
_973538
245 _aIncreasing the effectiveness of the nicotine insecticidal unit charge
500 _aSobretiro de: Journal of the New York Entomological Society. 37:513-531, 1929
590 _aBATCH-UPD
_b10
_c20130110
_lUCH01
_h1630
590 _aCONVERSION
_b10
_c20130109
_lUCH01
_h1316
650 1 4 _aInsecticidas.
_958855
650 1 4 _aNicotina como insecticida.
_981215
901 _aBK
942 _cREIMP
949 _aR-1627
_bBC
_cR
_d-77346
_eTS1
_i33255
_mD
_si
999 _c28172
_d28172